| 000 | 01154nac a22003131i 4500 | ||
|---|---|---|---|
| 003 | EG-ScBUE | ||
| 005 | 20240604134312.0 | ||
| 008 | 240604t2005 enk f b 001 0 eng d | ||
| 020 | _a1850437971 | ||
| 020 | _a9781850437970 | ||
| 035 | _a(OCoLC)ocm60419120 | ||
| 040 |
_aEG-ScBUE _beng _erda _cEG-ScBUE _dEG-ScBUE |
||
| 082 | 0 | 4 |
_a956.102 _bAKM _222 |
| 100 | 1 |
_aAkmese, Handan Nezir, _eauthor. |
|
| 245 | 1 | 4 |
_aThe birth of modern Turkey : _bthe Ottoman military and the march to World War I / _cHandan Nezir Akmese. |
| 264 | 1 |
_aLondon ; _aNew York : _bI.B. Tauris, _c[2005] |
|
| 264 | 4 | _cc2005 | |
| 300 |
_axi, 224 pages ; _c24 cm |
||
| 336 |
_2rdacontent _atext _btxt |
||
| 337 |
_aunmediated _2rdamedia _bn |
||
| 338 |
_avolume _bnc _2rdacarrier |
||
| 504 | _aIncludes bibliographical references and index. | ||
| 651 | 7 |
_aTurkey _xHistory _y20th century. _2BUEsh |
|
| 651 | 7 |
_aTurkey _xPolitics and government _y20th century. _2BUEsh |
|
| 651 | 7 |
_aTurkey _xMilitary policy _y20th century. _2BUEsh |
|
| 655 | _vReading book | ||
| 856 | 4 | 1 |
_3Table of contents only _uhttp://www.loc.gov/catdir/enhancements/fy0665/2006295739-t.html |
| 942 |
_cBB _2ddc |
||
| 999 |
_c5174 _d5174 |
||